000 00578nam a2200169Ia 4500
008 240729s9999 xx 000 0 und d
022 _a2722-8142
245 0 _aJournal of Industrial Engineering and Halal Industries
260 _aIndonesia
260 _bUIN Sunan Kalijaga, Faculty of Science and Technology, Industrial Engineering Department
650 _a Industrial engineering. Management engineering
650 _a Technology (General)
650 _aTechnology
856 _uhttps://doaj.org/toc/d8776d64771b4961951ab550fde2b481
942 _2ddc
942 _cDOAJEJ
999 _c68245
_d68245
945 _a1
_bMadushi Gamage
_c1
_dMadushi Gamage